000 00674 a2200193 4500
999 _c708
_d708
020 _a9241800054 (pbk.)
050 0 0 _aRA393 WOR 1981
100 _aWorld Health Organisation
110 2 _aWorld Health Organization.
245 1 0 _aManagerial process for national health development :
_bguiding principles for use in support of strategies for health for all by the year 2000.
264 _aGeneva
_bWorld Health Organisation
_c1981
300 _a61 p. ;
440 0 _a"Health for all" series ;
500 _aHealth Development
650 0 _aHealth planning.
650 0 _aMedical policy.
650 0 _aPublic health administration.
942 _2lcc
_cPERIODICAL
_h393
_iWOR
_kRA